000 00508nam a2200205Ia 4500
003 OSt
005 20220926045321.0
006 a|||||r|||| 00| 0
007 ta
008 220923b |||||||| |||| 00| 0 eng d
037 _cGeneral Book
040 _aRTL
_cRTL
_beng
041 _2eng
_aeng
082 _aU.6.N7, L5
100 _aHance William A
245 0 _aGoegraphy of modern Africa
260 _c1975
942 _hU.6.N7, L5
_cGB
_2CC
999 _c677293
_d677293